000 00659nam a2200241Ia 4500
001 50610
005 20240114005156.0
007 ta
008 090610s1963 g b000 u 465 u
040 _aCotton College,Assam
041 _a465
082 _a150
_bRYL
100 _aRyle , Gilbert .
245 0 _aMind: A Quarterly Review of Psychology and Philosophy Vol. LXXII /
_cGilbert Ryle.
_hTextual Documents
250 _a1st ed /
260 _aEdinburgh :
_bT. Nelson & Sons Ltd. ,
_c1963.
300 _a616p ;
_c23 cm.
653 _aJournals
653 _aBV-Philosophy
942 _2ddc
_cBK
999 _c50575
_d50575